La posada de la luna (Registro nro. 9817)

Detalles MARC
000 -Cabecera
Campo de control de longitud fija 00556nam a22002297a 4500
005 - Fecha y hora de la última transacción
Campo de control 20251128155836.0
008 - Elementos de longitud fija--Información general
Campo de control de longitud fija 161011b2016 xxu||||| |||| 00| 0 spa d
020 ## - International Standard Book Number
Número Internacional Estándar del Libro (ISBN) 9789968482271
041 ## - Idioma
Código de idioma Español
082 s# - Clasificación Decimal Dewey
Número de clasificación CR 863.44 C355p
100 ## - Entrada principal--Autor personal
Nombre personal Castro Blanco, Felipe
245 ## - Título propiamente dicho
Título La posada de la luna
260 ## - Pie de imprenta
Lugar de publicación, distribución, etc. Costa Rica
260 ## - Pie de imprenta
Nombre del editor, distribuidor, etc. EUNED
260 ## - Pie de imprenta
Fecha de publicación, distribución, etc. 2016
300 ## - Descripción física
Extensión 280 páginas
490 ## - Serie
Título de la Serie Temática General
650 ## - Materia general
Temática (materia general) LITERATURA COSTARRICENSE
650 ## - Materia general
Temática (materia general) NOVELA COSTARRICENSE
650 ## - Materia general
Temática (materia general) VIDA SOCIAL
942 ## - Punto de acceso adicional KOHA
Tipo de ítem KOHA Literatura
Fuente del sistema de clasificación o colocación Dewey Decimal Classification
Existencias
Signatura completa Código de barras Programa Académico Tipo de ítem
CR 863.44 C355p 22626 Temática General Literatura